• 首页
  • 本馆介绍
  • 公告通知
  • 最新文献
  • 馆藏检索
  • 电子资源
  • 读者导购
  • 参考咨询
  • 我的图书馆
  • 登录
  • 详细信息显示
  • 放入我的书架
  • 预约/预借图书
  • 作者相关作品
  • 分类相关作品
  • 丛书相关作品
  • 出版社相关作品

书目信息

  • 表格格式
  • 工作单格式
  • 卡片格式
题名:
影子银行内幕
    
 
作者: 张化桥 著 ;黎木白 译
分册:  
出版信息: 北京   中国人民大学出版社  2016
页数: 206页
开本: 21cm
丛书名:
单 册:
中图分类: F832.39
科图分类:
主题词: 金融危机--jin rong wei ji--研究--中国
电子资源:
ISBN: 978-7-300-22693-4
000 01158nam0 22002771 450
001 0102093622
005 20170405083603.82
010    @a978-7-300-22693-4@b精装@dCNY45.00
100    @a20160805d2016 em y0chiy50 ea
101 1  @achi@ceng
102    @aCN@b110000
105    @ay z 000yy
106    @ar
200 1  @a影子银行内幕@Aying zi yin hang nei mu@e下一个次贷危机的源头?@dInside China's shadow banking@ethe next subprime crisis?@f张化桥著@g黎木白译@zeng
205    @a修订版
210    @a北京@c中国人民大学出版社@d2016
215    @a206页@d21cm
330    @a本书将揭示张化桥经历三年惊心动魄、在希望与绝望中游走的日子。他看到了金融业的内幕,体会到影子银行业的辛酸和黑暗,并在本书中分析了当下中国金融体系中最大的风险,预示下一波次贷风暴的起点。
510 1  @aInside China's shadow banking@ethe next subprime crisis?@zeng
517 1  @a下一个次贷危机的源头?@Axia yi ge ci dai wei ji de yuan tou
606 0  @a金融危机@Ajin rong wei ji@x研究@y中国
690    @aF832.39@v5
701  0 @a张化桥@Azhang hua qiao@f(1963~)@4著
702  0 @a黎木白@Ali mu bai@f(198?~)@4译
801  0 @aCN@bTANGWEI@c20170308
905    @b0964274-7@dF832.39@e148=2@f4
    
    影子银行内幕:下一个次贷危机的源头?=Inside China's shadow banking:the next subprime crisis?/张化桥著/黎木白译.-修订版.-北京:中国人民大学出版社,2016
    206页;21cm
    
    
    ISBN 978-7-300-22693-4(精装):CNY45.00
    本书将揭示张化桥经历三年惊心动魄、在希望与绝望中游走的日子。他看到了金融业的内幕,体会到影子银行业的辛酸和黑暗,并在本书中分析了当下中国金融体系中最大的风险,预示下一波次贷风暴的起点。
●
相关链接 在E读中查询图书 在五车中查询图书 在当当中查询图书 在豆瓣中查询图书


正题名:影子银行内幕     索取号:F832.39/148=2         预约/预借

序号 登录号 条形码 馆藏地/架位号 状态 备注
1 0964274   209642742   第一样本阅览室/ [索取号:F832.39/148=2] 在馆    
2 0964275   209642751   密集书库-海洋学院/ [索取号:F832.39/148=2] 在馆    
3 0964276   209642760   第一借阅区/ [索取号:F832.39/148=2] 在馆    
4 0964277   209642779   第一借阅区/ [索取号:F832.39/148=2] 在馆    
唐山师范学院图书馆 欢迎您!
大连网信软件有限公司© 版权所有